Claustrum

Detalles Bibliográficos
Formato: Electrónico Revista
Lenguaje:inglés
Publicado: London ; New York : Taylor & Francis
Materias:
Acceso en línea:Full text available from Research Library: 01/01/2016 to 12/31/2017

MARC

LEADER 00000nas a2200000M 4500
001 ssj0002140230
003 WaSeSS
005 20200512172242.0
006 m d
007 cr n
008 161026c20169999enkar p s 0 0eng
015 |a GBB8K5549  |2 bnb 
022 |a 2002-3294  |l 2002-3294 
035 |a (WaSeSS)ssj0002140230 
040 |a DNLM  |c DNLM  |d WaSeSS 
082 0 4 |a 611.81  |2 23 
245 0 0 |a Claustrum  |h [electronic resource]. 
260 |a London ;  |a New York :  |b Taylor & Francis 
506 |a License restrictions may limit access. 
655 0 |a Electronic journals. 
856 4 0 |z Full text available from Research Library: 01/01/2016 to 12/31/2017  |u https://search.proquest.com/publication/3933219 
950 0 |a Brain  |x Anatomy  |v Periodicals. 
950 0 |a Claustrum  |v Periodicals. 
950 7 |a Brain  |x Anatomy.  |2 fast  |0 (OCoLC)fst00837578 
950 7 |a Claustrum.  |2 fast  |0 (OCoLC)fst00863779 
950 7 |a Periodicals.  |2 fast  |0 (OCoLC)fst01411641